Statistics for Nancy Drew Game Characters - M

Click here to take the quiz!

General Stats

  • This quiz has been taken 14 times
  • The average score is 12 of 15

Answer Stats

Answer% Correct
Mary YazziSecret of Shadow Ranch
100%
MinetteDanger by Design
100%
Big Island Mike MapuThe Creature of Kapu Cave
88%
Mei ParryMidnight in Salem
88%
Mel CorbalisWarnings at Waverly Academy
88%
Miles the Magnificent Memory MachineThe Haunted Carousel
88%
Dr Malachi Craven
75%
Magnus KiljanssonSea of Darkness
75%
Margherita FaubergPhantom of Venice
75%
Mason QuintoThe Deadly Device
75%
Matt SimmonsHaunting of Castle Malloy
75%
Moira ChisholmThe Silent Spy
75%
Miwako ShimizuShadow at the Water's Edge
63%
Mattie JensenStay Tuned for Danger
50%
Millie Strathorn
50%

Score Distribution

Percentile by Number Answered

Percent of People with Each Score

Your Score History

You have not taken this quiz